000 01003cab a2200289 4500
001 WB2848-41
008 090401t1992 xxu||||| |||| 00| 0 eng d
035 _a(Sirsi) u67752
041 _aeng
245 _aRich landlords, Tories & tenants
260 _c1992
350 _a0
490 _aEvening Standard
_v7 December 1992, 14-15(40
520 _aConservative backbench opinion on the forthcoming reform of leasehold law is being pressured by London`s landed estates into undermining the effectiveness of the Housing and Urban Development Bill. Maps.
650 _aBEDFORD ESTATE
650 _aBELGRAVIA
650 _aCADOGAN ESTATE
650 _aGROSVENOR ESTATE
650 _aHOUSING AND URBAN DEVELOPMENT BILL
650 _aHOWARD DE WALDEN ESTATE
650 _aLANDED ESTATES
650 _aLEASEHOLD ENFRANCHISEMENT
650 _aMAYFAIR
690 _aPROPERTY-RESIDENTIAL PROPERTY-RESIDENTIAL LANDLORD AND TENANT-RESIDENTIAL TENANCIES
942 _n0
948 _c04/03/1997
999 _c42430
_d42430